8000 địa chỉ internet và các website thông dụng

Αποθηκεύτηκε σε:
Λεπτομέρειες βιβλιογραφικής εγγραφής
Κύριος συγγραφέας: Công Sơn
Μορφή: Βιβλίο
Γλώσσα:Undetermined
Έκδοση: H. Thống Kê 2003
Θέματα:
Ετικέτες: Προσθήκη ετικέτας
Δεν υπάρχουν, Καταχωρήστε ετικέτα πρώτοι!
Thư viện lưu trữ: Trung tâm Học liệu Trường Đại học Cần Thơ
LEADER 00504nam a2200181Ia 4500
001 CTU_56875
008 210402s9999 xx 000 0 und d
020 |b 62000 
082 |a 004.69025 
082 |b C455 
100 |a Công Sơn 
245 0 |a 8000 địa chỉ internet và các website thông dụng 
245 0 |c Công Sơn 
260 |a H. 
260 |b Thống Kê 
260 |c 2003 
650 |a internet addresses,web sites 
980 |a Trung tâm Học liệu Trường Đại học Cần Thơ